Dans quel arrondissement de Paris ? - Statistiques

Statistiques générales
  • Ce quiz a été pris 133 fois
  • Le résultat moyen est 12 sur 20
Statistiques - réponses
Hint Réponse % Correct
Le Musée du Louvre 1er arrondissement
87%
Montmarte 18ème arrondissement
84%
Le Parc des Princes 16ème arrondissement
78%
Parc des Buttes Chaumont 19ème arrondissement
75%
La Gare du Nord 10ème arrondissement
67%
Palais de l'Élysée 8ème arrondissement
67%
Le Square des Batignolles 17ème arondissement
66%
Le Palais du Luxembourg 6ème arrondissement
66%
Le Cimetière du Père-Lachaise 20ème arrondissement
64%
La Tour Eiffel 7ème arrondissement
64%
Le Bataclan 11ème arrondissement
57%
AccorHotels Arena (POPB) 12ème arrondissement
55%
La Gare d'Austerlitz 13ème arrondissement
51%
Notre-Dame de Paris 4ème arrondissement
51%
L'Institut du Monde Arabe 5ème arrondissement
49%
Le Musée Grévin 9ème arrondissement
49%
La Prison de la Santé 14ème arrondissement
45%
La Tour Montparnasse 15ème arrondissement
45%
Le Palais Brongniart 2ème arrondissement
33%
Le Musée Picasso 3ème arrondissement
28%
Aucun quiz correspondant
Distribution des résultats
% des personnes avec chaque résultat
Percentile par nombre de réponses
Votre historique - résultats
Vous n’avez pas pris ce quiz